书目信息 |
| 题名: |
中原文化大观
|
|
| 作者: | 许凤才 主编 | |
| 分册: | 上卷 | |
| 出版信息: | 北京 新华出版社 2007.01 |
|
| 页数: | 497页 | |
| 开本: | 30cm | |
| 丛书名: | ||
| 单 册: | ||
| 中图分类: | K296.1 | |
| 科图分类: | ||
| 主题词: | 中国--地方史 , 中国--地方志 | |
| 电子资源: | ||
| ISBN: | 7-5011-7749-X | |
| 000 | 00611nam0 2200205 450 | |
| 001 | 1656045035 | |
| 005 | 20160406153611.68 | |
| 010 | @a7-5011-7749-X@dCNY164.00 | |
| 100 | @a20160406d2007 km y0chiy0120 ea | |
| 101 | 0 | @achi |
| 102 | @aCN@b110000 | |
| 200 | 1 | @a中原文化大观@Azhong yuan wen hua da guan@h上卷@f许凤才主编@Fxu feng cai zhu bian |
| 210 | @a北京@c新华出版社@d2007.01 | |
| 215 | @a497页@d30cm | |
| 606 | 0 | @a中国@x地方史 |
| 606 | 0 | @a中国@x地方志 |
| 690 | @aK296.1@v4 | |
| 701 | 0 | @a许凤才@Axu feng cai@4主编 |
| 801 | 0 | @aCN@b大连网信软件有限公司图书馆·11@c20160406 |
| 905 | @aZUCC@dK296.1@eX860:1 | |
| 中原文化大观.上卷/许凤才主编.-北京:新华出版社,2007.01 |
| 497页;30cm |
| ISBN 7-5011-7749-X:CNY164.00 |
| ● |
| 相关链接 |
|
|
|
正题名:中原文化大观
索取号:K296.1/X860:1
 
预约/预借
| 序号 | 登录号 | 条形码 | 馆藏地/架位号 | 状态 | 备注 |
| 1 | 1222451 | 212224519 | 特藏库/ [索取号:K296.1/X860:1] | 在馆 |